000 01340nam a2200265Ia 4500
008 0000002006 sp ad 0000000000mul00
090 _aPSP00 A57a2
245 1 0 _aAntoni Tápies
_c/ traducción Lorraine Kerslake ; fotografías Gasull, Teresa T...pies Domenech
300 _a36 p.
_c/ 27 cm.
500 _aExposición realizada en Galería Soledad Lorenzo, noviembre 16 diciembre 23, 2006 \ Incluye cronología del artista \ Texto bilingue : español inglés \ Proyecto Ganador Programa Apoyos Concertados FGAA 2010
501 _aLa mano y la náusea = Nausea and the hand / Guillermo Solana
505 _aOBRAS : Lligat Má foradada Oida Mar Aucune chose Esgrafiats vermells Trapezi negre Franja negra Pot de pintura Sageta del temps R i ala Máteria grisa Relleus circulars Terra i palla
600 0 0 _aTAPIES, ANTONIO, 1923201/
_xTRABAJOS PICTORICOS
650 1 4 _aARTE CONTEMPORANEO ESPAÑOL
650 1 4 _aARTISTAS PLASTICOS ESPAÑOLES EXPOSIONES
650 1 4 _xCATALOGOS
650 1 4 _aCOLLAGE
650 1 4 _xEXPOSICIONES
650 1 4 _aPINTORES ESPAÑOLES
650 1 4 _aPINTURA (TECNICA MIXTA)
650 1 4 _aPINTURA ESPAÑOLA
650 1 4 _aPINTURA SOBRE MADERA
700 1 _aKerslake, Lorraine \ Gasull \ T...pies Domenech, Teresa
999 _c11752
_d11752
260 _aMadrid : Galería Soledad Lorenzo
_c2006